Open Data Biblioteca Nacional de Portugal


República Portuguesa: Ministério da Cultura
Biblioteca Nacional de Portugal

Catálogo da BNP: acesso por Identificadores Unívocos
Registos Bibliográficos associados ao registo de autoridade

Etiqueta de registo: 00254nam 2200025 450
001 2283331
003 http://id.bnportugal.gov.pt/bib/catbnp/2283331
100 ## $a20260331d2025 k y0pory01030103ba
101 0# $aeng$dpor
102 ## $aPT
105 ## $aa m 000yy
106 ## $ar
200 1# $aMouse preweaning mortality$eunderstanding causes of death and improving the monitoring of the parturient female$fSara Capas Peneda Vieira Pereira$gsupervisor Ingrid Anna Sofia Olsson... [et al.]
210 #9 $aPorto$c[s.n.],$d2025
215 ## $a[2], XXV, 138 p.$cil.$d30 cm
328 #1 $aTese dout. Ciências Veterinárias, Instituto de Ciências Biomédicas Abel Salazar, Universidade do Porto, 2025
700 #1 $aPereira,$bSara Capas Peneda Vieira$31994387
702 #1 $aOlsson,$bI. Anna S.$4727$31318670
801 #0 $aPT$bBN$gRPC
966 ## $lBN$mFGMON$x1
971 ## $cssilva$d20260331

OpendataBNP@bnportugal.pt | Mais informação sobre acesso aos dados BNP